Libertad de prensa y derechos fundamentales : (Registro nro. 5219)
[ vista simple ]
| 000 -LEADER | |
|---|---|
| fixed length control field | 01365nam a2200265Ia 4500 |
| 003 - CONTROL NUMBER IDENTIFIER | |
| control field | OSt |
| 005 - DATE AND TIME OF LATEST TRANSACTION | |
| control field | 20210131172909.0 |
| 008 - FIXED-LENGTH DATA ELEMENTS--GENERAL INFORMATION | |
| fixed length control field | 191128s2006 ck gr 001 0 spa d |
| 020 ## - INTERNATIONAL STANDARD BOOK NUMBER | |
| International Standard Book Number | 9586535215 |
| 040 ## - CATALOGING SOURCE | |
| Original cataloging agency | CO-JMCR |
| Transcribing agency | CO-JMCR |
| 041 0# - LANGUAGE CODE | |
| Language code of text/sound track or separate title | spa |
| 082 04 - DEWEY DECIMAL CLASSIFICATION NUMBER | |
| Classification number | 323.445 / |
| Item number | U689l |
| Edition number | 23 |
| 100 1# - MAIN ENTRY--PERSONAL NAME | |
| Personal name | Uprimny Yepes, Rodrigo, |
| Relator term | autor |
| 9 (RLIN) | 3207 |
| 245 10 - TITLE STATEMENT | |
| Title | Libertad de prensa y derechos fundamentales : |
| Remainder of title | análisis de la jurisprudencia constitucional en Colombia (1992-2005) / |
| Statement of responsibility, etc. | Rodrigo Uprimny, Adriana fuentes, Catalina Botero (y 1 más) |
| 250 ## - EDITION STATEMENT | |
| Edition statement | Primera edición |
| 260 ## - PUBLICATION, DISTRIBUTION, ETC. | |
| Place of publication, distribution, etc. | Bogotá : |
| Name of publisher, distributor, etc. | Fundación Konrad Adenauer, |
| Date of publication, distribution, etc. | 2006 |
| 300 ## - PHYSICAL DESCRIPTION | |
| Extent | 461 páginas ; |
| Dimensions | 24 cm + |
| Accompanying material | 1 CD |
| 500 ## - GENERAL NOTE | |
| General note | Incluye índice cronológico de fichas al final del texto. |
| 505 0# - FORMATTED CONTENTS NOTE | |
| Formatted contents note | La libertad de información en la jurisprudencia Colombiana: una perspectiva analítica y comparada -- Subreglas jurisprudenciales y doctrina constitucional sobre libertad de información en Colombia. |
| 520 ## - SUMMARY, ETC. | |
| Summary, etc. | ¿Cuál es el alcance concreto de la libertad de prensa? ¿Qué sucede si la libertad de información entra en colisión con otro derecho fundamental de un ciudadano, como la intimidad y el buen nombre? |
| 650 14 - SUBJECT ADDED ENTRY--TOPICAL TERM | |
| Topical term or geographic name entry element | Libertad de prensa |
| General subdivision | jurisprudencia |
| Geographic subdivision | Colombia |
| 9 (RLIN) | 3208 |
| 700 1# - ADDED ENTRY--PERSONAL NAME | |
| Personal name | Fuentes, Adriana, |
| Relator term | autora |
| 9 (RLIN) | 3209 |
| 700 1# - ADDED ENTRY--PERSONAL NAME | |
| Personal name | Botero, Catalina, |
| Relator term | autora |
| 9 (RLIN) | 3210 |
| 942 ## - ADDED ENTRY ELEMENTS (KOHA) | |
| Source of classification or shelving scheme | Dewey Decimal Classification |
| Koha item type | Books |
| Withdrawn status | Lost status | Source of classification or shelving scheme | Damaged status | Not for loan | Collection code | Home library | Current library | Date acquired | Source of acquisition | Cost, normal purchase price | Total Checkouts | Full call number | Barcode | Date last seen | Date last checked out | Copy number | Koha item type | Price effective from |
|---|---|---|---|---|---|---|---|---|---|---|---|---|---|---|---|---|---|---|
| Dewey Decimal Classification | Non-fiction | Biblioteca Pública José María del Castillo y Rada | Biblioteca Pública José María del Castillo y Rada | 04/15/2018 | Donación | 0.00 | 1 | 323.445 / U689l | 430001550 | 11/11/2025 | 11/11/2025 | Ej.1 | Books | |||||
| Dewey Decimal Classification | Biblioteca Pública José María del Castillo y Rada | Biblioteca Pública José María del Castillo y Rada | 01/31/2021 | 1 | 323.445 / U689l | 201810160 | 03/10/2026 | 03/10/2026 | Ej.2 | Books | 01/31/2021 |